000 00580nam a2200169Ia 4500
008 090201s9999 xx 000 0 und d
010 _aKPL-49440
040 _bमराठी
041 _aमराठी
082 _a10672
_b49440
100 _aमो प्र कस्तुरे
245 _aमधुमेह मार्गदर्शिका
_cमो प्र कस्तुरे
260 _c2004
_bछाया प्रकाशन
300 _a239
_bमोठा
600 _aमधुमेह मार्गदर्शिका
942 _cBOOK
999 _c211105
_d211105